| 000 | 01220nam a22002657a 4500 | ||
|---|---|---|---|
| 005 | 20240530110452.0 | ||
| 008 | 150516s2009 ua a f 000 0 ara d | ||
| 017 |
_a2009/9933 _bمصر . دار الكتب المصرية |
||
| 020 | _a9771806327 | ||
| 040 | _aEG-CaGPL | ||
| 082 | 0 | 4 |
_221 _a962.031 _bق/م ب |
| 100 | 0 | _aمحمد فؤاد شكرى . | |
| 245 | 1 | 0 |
_aبناء دولة مصر محمد على / _cتاليف محمد فؤاد شكرى ، عبدالمقصود العنانى ، سيد محمد خليل ؛ تقديم عبدالخالق خليل . |
| 250 | _aط1. | ||
| 260 |
_aالقاهرة : _bدار الكتب والوثائق القومية ، _c2009. |
||
| 300 |
_a2 ج ؛ _c24 سم . |
||
| 650 | 0 | 4 |
_aمصر _xتاريخ _yالعصر الحديث _zعصر محمد على ( 1805 - 1849 م ) |
| 650 | 0 | 4 |
_aالضرائب _yعصر محمد على. |
| 651 | 0 | 4 |
_aمصر _xالاحوال السياسية _yعصر محمد على. |
| 700 | 0 |
_aعبدالمقصود العنانى _eمؤلف مشارك . |
|
| 700 | 0 |
_aعبدالخالق لاشين _eمقدم . |
|
| 700 | 0 |
_aسيد محمد خليل _eمؤلف مشارك . |
|
| 942 |
_2ddc _cBK |
||
| 999 |
_c61283 _d61283 |
||